Citer les villes du 93 - Statistiques

Statistiques générales
  • Ce quiz a été pris 766 fois
  • Le résultat moyen est 19 sur 40
Statistiques - réponses
Population Réponse % Correct
111 135 Saint-Denis
90%
86 375 Aubervilliers
77%
51 016 Sevran
76%
85 740 Aulnay-sous-bois
75%
53 640 Bobigny
73%
109 897 Montreuil
73%
43 054 La Courneuve
68%
53 353 Bondy
67%
71 318 Drancy
65%
57 482 Pantin
60%
68 183 Noisy-le-grand
55%
44 136 Noisy-le-sec
55%
46 207 Rosny-sous-bois
52%
38 720 Stains
52%
56 783 Le Blanc-Mesnil
51%
26 783 Montfermeil
50%
29 348 Clichy-sous-bois
48%
23 045 Les Lilas
47%
44 437 Livry-gargan
47%
36 830 Villepinte
47%
39 358 Gagny
46%
36 180 Tremblay-en-France
45%
35 674 Bagnolet
43%
55 084 Epinay-sur-seine
43%
14 648 Le Raincy
43%
16 594 Le Bourget
42%
27 567 Romainville
38%
34 993 Neuilly-sur-marne
37%
21 150 Neuilly-plaisance
34%
29 964 Villemomble
34%
13 646 Villetaneuse
34%
7 030 Vaujours
32%
10 737 Dugny
31%
17 950 Le Pré-saint-gervais
29%
4 833 Coubron
26%
23 962 Les Pavillons-sous-bois
26%
51 108 Saint-ouen-sur-seine
24%
30 306 Pierrefitte-sur-seine
21%
7 981 L'ile-saint-denis
19%
6 869 Gournay-sur-marne
13%
Aucun quiz correspondant
Distribution des résultats
% des personnes avec chaque résultat
Percentile par nombre de réponses
Votre historique - résultats
Vous n’avez pas pris ce quiz